000
00289pam a2200121 a 4500
020
_c
041
_h
100
_a
Ranjit R.J . Daniels .
245
_a
Amphibians of Peninsular India
_h
Textual Documents
260
_a
[s.l]:
_b
University press in India
300
_a
267.
930
_a
2201
999
_c
248052
_d
248052